[Event "3. Torneo Internacional A.D. San Juan"]
[Site "Pamplona ESP"]
[Date "2009.08.01"]
[Round "7.14"]
[White "Lajthajm, Borko"]
[Black "Delorme, Axel"]
[Result "0-1"]
[WhiteElo "2484"]
[BlackElo "2434"]
[PlyCount "102"]
[EventDate "2009.07.27"]
[EventType "swiss"]
[EventRounds "9"]
[EventCountry "ESP"]
[Source "lmi"]
[SourceDate "2009.07.27"]

1. Nf3 Nf6 2. g3 d5 3. Bg2 c6 4. O-O Bg4 5. c4 e6 6. d4 Nbd7 7. Bf4 h6 8. Qb3
Qb6 9. c5 Qxb3 10. axb3 Ne4 11. Nc3 Bf5 12. b4 a6 13. Nd2 g5 14. Bxe4 Bxe4 15.
Be3 Bg6 16. b5 cxb5 17. Nxb5 Rc8 18. Nc3 Be7 19. Rfc1 Nb8 20. b4 Nc6 21. b5
axb5 22. Nxb5 Kd7 23. f3 Ra8 24. Bf2 Rxa1 25. Rxa1 Rb8 26. e4 b6 27. exd5 exd5
28. Nc3 bxc5 29. Nxd5 cxd4 30. Nxe7 Kxe7 31. Nc4 Rb4 32. Rc1 Ke6 33. Be1 Rb8
34. g4 Kd5 35. h4 Bd3 36. Nd2 Ne5 37. hxg5 hxg5 38. Ra1 Rb2 39. Ra5+ Bb5 40.
Kh1 Nc4 41. Nxc4 Kxc4 42. Kg1 Re2 43. Ra1 d3 44. Rc1+ Kb3 45. Ba5 d2 46. Bxd2
Rxd2 47. Rc5 Be2 48. Rf5 Bc4 49. Rxg5 Kc3 50. Rf5 Kd4 51. Rg5 Ke3 0-1

[Event "3. Torneo Internacional A.D. San Juan"]
[Site "Pamplona ESP"]
[Date "2009.08.01"]
[Round "7.15"]
[White "Villavicencio Martinez, Adalber"]
[Black "Libiszewski, Fabien"]
[Result "1/2-1/2"]
[WhiteElo "2340"]
[BlackElo "2535"]
[PlyCount "77"]
[EventDate "2009.07.27"]
[EventType "swiss"]
[EventRounds "9"]
[EventCountry "ESP"]
[Source "lmi"]
[SourceDate "2009.07.27"]

1. d4 Nf6 2. Nf3 g6 3. Nc3 d5 4. Bf4 Bg7 5. e3 O-O 6. Be2 c5 7. dxc5 Qa5 8. Nd4
Qxc5 9. Nb3 Qb6 10. Nb5 Na6 11. Be5 Bd7 12. a4 Qd8 13. O-O Bf5 14. c3 Ne8 15.
Bxg7 Nxg7 16. Bf3 e6 17. g4 Be4 18. Bxe4 dxe4 19. Qxd8 Rfxd8 20. Rfd1 Rd3 21.
Rxd3 exd3 22. Rd1 Rd8 23. f4 f6 24. Kf2 e5 25. fxe5 fxe5 26. e4 Ne6 27. Ke3 Nf4
28. Rd2 Rc8 29. Nxa7 Rc4 30. Nb5 Rxa4 31. Nd6 b6 32. Nc8 Nc5 33. Nxc5 bxc5 34.
Nb6 Ra1 35. Nc4 Re1+ 36. Kf3 g5 37. Nxe5 Rf1+ 38. Ke3 Re1+ 39. Kf3 1/2-1/2

[Event "3. Torneo Internacional A.D. San Juan"]
[Site "Pamplona ESP"]
[Date "2009.08.01"]
[Round "8.1"]
[White "Aleksandrov, Aleksej"]
[Black "Pogorelov, Ruslan"]
[Result "1-0"]
[WhiteElo "2616"]
[BlackElo "2441"]
[PlyCount "71"]
[EventDate "2009.07.27"]
[EventType "swiss"]
[EventRounds "9"]
[EventCountry "ESP"]
[Source "lmi"]
[SourceDate "2009.07.27"]

1. d4 e6 2. c4 Nf6 3. Nc3 Bb4 4. e3 O-O 5. Nge2 d5 6. cxd5 exd5 7. a3 Bd6 8. g3
c6 9. Bg2 Na6 10. O-O Nc7 11. Qc2 Re8 12. Bd2 Qe7 13. Rad1 Ne4 14. Bc1 Bf5 15.
Qb3 Qd7 16. f3 Nxc3 17. Nxc3 h5 18. e4 Be6 19. Qc2 Rac8 20. Be3 Be7 21. Ne2 h4
22. Nf4 h3 23. Bh1 dxe4 24. Nxe6 Nxe6 25. fxe4 Bg5 26. Bf2 Qe7 27. e5 c5 28.
dxc5 Nxc5 29. Bd5 Ne6 30. Qf5 g6 31. Qxh3 Rc2 32. b4 b6 33. Qg4 Bh6 34. Rd3 Bg7
35. h4 Qc7 36. Be3 1-0

[Event "3. Torneo Internacional A.D. San Juan"]
[Site "Pamplona ESP"]
[Date "2009.08.01"]
[Round "8.2"]
[White "Mirzoev, Azer"]
[Black "Huerga Leache, Mikel"]
[Result "1-0"]
[WhiteElo "2559"]
[BlackElo "2456"]
[PlyCount "62"]
[EventDate "2009.07.27"]
[EventType "swiss"]
[EventRounds "9"]
[EventCountry "ESP"]
[Source "lmi"]
[SourceDate "2009.07.27"]

1. d4 d5 2. Nf3 Nf6 3. c4 c6 4. Qc2 a6 5. e3 b5 6. b3 g6 7. Bd3 Bg7 8. O-O O-O
9. Ba3 Re8 10. Nbd2 Qa5 11. Bb2 Bg4 12. Ne5 Bf5 13. Bxf5 gxf5 14. a4 bxc4 15.
bxc4 e6 16. Nb3 Qd8 17. Rfc1 Ne4 18. Ba3 Nd6 19. Na5 Qxa5 20. Bxd6 Bxe5 21.
dxe5 dxc4 22. Qxc4 Nd7 23. Qf4 Rac8 24. e4 Nf8 25. h4 Ng6 26. Qg3 h5 27. exf5
exf5 28. Rc4 f4 29. Qg5 Re6 30. Rd1 Rd8 31. Rc5 Rdxd6 1-0

[Event "3. Torneo Internacional A.D. San Juan"]
[Site "Pamplona ESP"]
[Date "2009.08.01"]
[Round "8.3"]
[White "Del Rio De Angelis, Salvador G"]
[Black "Fedorchuk, Sergey A"]
[Result "0-1"]
[WhiteElo "2560"]
[BlackElo "2655"]
[PlyCount "109"]
[EventDate "2009.07.27"]
[EventType "swiss"]
[EventRounds "9"]
[EventCountry "ESP"]
[Source "lmi"]
[SourceDate "2009.07.27"]

1. d4 Nf6 2. c4 e6 3. Nc3 Bb4 4. e3 O-O 5. Bd3 c5 6. Nf3 b6 7. O-O Bb7 8. Na4
cxd4 9. exd4 Re8 10. a3 Bf8 11. Re1 d6 12. Bg5 h6 13. Bh4 Be7 14. Rc1 Nbd7 15.
b4 a5 16. Nc3 axb4 17. axb4 Nh5 18. Bxe7 Rxe7 19. Nd2 Nf4 20. Bf1 Nf6 21. g3
Ng6 22. Bd3 Nf8 23. Nf1 Rc7 24. Ne3 Rcc8 25. Bf1 Ng6 26. Bh3 Rcb8 27. Qd3 Ra3
28. Qb1 Rba8 29. Qb2 Ne4 30. Bg2 Nxc3 31. Rxc3 Ra2 32. Qc1 Bxg2 33. Kxg2 Qg5
34. Nc2 Qg4 35. Kh1 Ne7 36. d5 e5 37. Qd1 Qf5 38. Kg2 Rb2 39. Re2 Ng6 40. h3
Qg5 41. Kh2 h5 42. c5 bxc5 43. bxc5 dxc5 44. d6 h4 45. d7 Rd8 46. Rd2 e4 47.
Rd5 Qf6 48. Qe1 Ne5 49. Qxe4 Qxf2+ 50. Qg2 Rxc2 51. Qxf2 Rxf2+ 52. Kg1 Re2 53.
Kf1 Re4 54. Rcxc5 Nxd7 55. Rc7 0-1

[Event "3. Torneo Internacional A.D. San Juan"]
[Site "Pamplona ESP"]
[Date "2009.08.01"]
[Round "8.4"]
[White "Reinaldo Castineira, Roi"]
[Black "Edouard, Romain"]
[Result "0-1"]
[WhiteElo "2503"]
[BlackElo "2597"]
[PlyCount "112"]
[EventDate "2009.07.27"]
[EventType "swiss"]
[EventRounds "9"]
[EventCountry "ESP"]
[Source "lmi"]
[SourceDate "2009.07.27"]

1. e4 c5 2. Nf3 d6 3. d4 cxd4 4. Nxd4 Nf6 5. Nc3 a6 6. h3 e5 7. Nde2 h5 8. g3
Nbd7 9. Bg2 b5 10. O-O Bb7 11. a3 Be7 12. Bg5 Rc8 13. Nc1 Rxc3 14. bxc3 Nxe4
15. Bxe7 Qxe7 16. Qe1 Ndf6 17. a4 bxa4 18. Rxa4 Nc5 19. Bxb7 Qxb7 20. Rb4 Qc8
21. Qd2 a5 22. Rh4 Nfe4 23. Qd3 Qc6 24. Nb3 a4 25. Na5 Qa8 26. Qb5+ Kf8 27. Nc6
g5 28. Rxe4 Nxe4 29. Qd5 Kg7 30. Qxe4 Rc8 31. Qf5 Qxc6 32. Qxg5+ Kf8 33. Qxh5
a3 34. Ra1 Ra8 35. Qh8+ Ke7 36. Qh4+ Ke8 37. Qb4 a2 38. Qb3 Qa6 39. h4 Ke7 40.
h5 Kf6 41. Qd5 Ra7 42. g4 Qb6 43. Kg2 Ra4 44. c4 Qc7 45. Kg3 Kg7 46. g5 Qe7 47.
h6+ Kh8 48. Kh4 Qa7 49. Qf3 Rxc4+ 50. Kh5 Rf4 51. Qc6 Kh7 52. Qe8 Rf5 53. Qf8
f6 54. f4 exf4 55. Rxa2 Rxg5+ 56. Kh4 Qf2+ 0-1

[Event "3. Torneo Internacional A.D. San Juan"]
[Site "Pamplona ESP"]
[Date "2009.08.01"]
[Round "8.5"]
[White "Delorme, Axel"]
[Black "Ibrahimov, Rasul"]
[Result "0-1"]
[WhiteElo "2434"]
[BlackElo "2543"]
[PlyCount "54"]
[EventDate "2009.07.27"]
[EventType "swiss"]
[EventRounds "9"]
[EventCountry "ESP"]
[Source "lmi"]
[SourceDate "2009.07.27"]

1. e4 c5 2. Nf3 d6 3. d4 Nf6 4. Nc3 cxd4 5. Nxd4 a6 6. Bg5 Nbd7 7. f4 b5 8. Qf3
Bb7 9. O-O-O e6 10. Bd3 Be7 11. Rhe1 Qb6 12. Nd5 Qxd4 13. Bxb5 Qc5 14. b4 Qa7
15. Bxd7+ Kxd7 16. Qh3 h6 17. Bxf6 gxf6 18. Nxe7 Kxe7 19. Qh4 Rhd8 20. e5 dxe5
21. Rxd8 Rxd8 22. fxe5 Qd4 23. Qxf6+ Ke8 24. Qh8+ Kd7 25. Qxd8+ Kxd8 26. Rd1
Qxd1+ 27. Kxd1 Bxg2 0-1

[Event "3. Torneo Internacional A.D. San Juan"]
[Site "Pamplona ESP"]
[Date "2009.08.01"]
[Round "8.6"]
[White "Rusev, Krasimir"]
[Black "Ivanov, Jordan"]
[Result "1-0"]
[WhiteElo "2543"]
[BlackElo "2431"]
[PlyCount "59"]
[EventDate "2009.07.27"]
[EventType "swiss"]
[EventRounds "9"]
[EventCountry "ESP"]
[Source "lmi"]
[SourceDate "2009.07.27"]

1. d4 d5 2. Nf3 Nf6 3. c4 dxc4 4. e3 e6 5. Bxc4 c5 6. O-O a6 7. Bd3 Nbd7 8. Re1
Be7 9. e4 cxd4 10. e5 Nd5 11. Nxd4 Qc7 12. Be4 Qxe5 13. Bf3 Qd6 14. Nf5 exf5
15. Nc3 N7f6 16. Nxd5 Nxd5 17. Bxd5 O-O 18. Bf4 Qxf4 19. Rxe7 Be6 20. Bxe6 Qb4
21. Rxf7 Rxf7 22. Qd5 Raf8 23. Rc1 g6 24. Qe5 Qh4 25. Bxf7+ Rxf7 26. Rc8+ Rf8
27. Qe6+ Kg7 28. Rc7+ Kh6 29. Qd7 Qe4 30. h4 1-0

[Event "3. Torneo Internacional A.D. San Juan"]
[Site "Pamplona ESP"]
[Date "2009.08.01"]
[Round "8.7"]
[White "Strikovic, Aleksa"]
[Black "Pap, Misa"]
[Result "0-1"]
[WhiteElo "2523"]
[BlackElo "2478"]
[PlyCount "70"]
[EventDate "2009.07.27"]
[EventType "swiss"]
[EventRounds "9"]
[EventCountry "ESP"]
[Source "lmi"]
[SourceDate "2009.07.27"]

1. c4 Nf6 2. Nf3 c5 3. Nc3 b6 4. d4 cxd4 5. Nxd4 Bb7 6. f3 d6 7. e4 e6 8. Be2
Be7 9. O-O O-O 10. Be3 a6 11. a4 Nbd7 12. a5 bxa5 13. Nb3 Rb8 14. Nxa5 Ba8 15.
Qd2 Re8 16. Rfb1 d5 17. exd5 exd5 18. Ba7 Bb4 19. Nb3 Rb7 20. Bf2 Rc7 21. Ra4
Qb8 22. Nd4 Nc5 23. Raa1 Rd7 24. Qc2 dxc4 25. Bxc4 Qf4 26. Nce2 Qg5 27. Ng3
Red8 28. Ngf5 Bb7 29. Rd1 Qg6 30. Bf1 Kh8 31. Nb3 Rxd1 32. Rxd1 Rxd1 33. Qxd1
Qxf5 34. Qd8+ Ng8 35. Nd4 Qd7 0-1

[Event "3. Torneo Internacional A.D. San Juan"]
[Site "Pamplona ESP"]
[Date "2009.08.01"]
[Round "8.8"]
[White "Mihailovs, Jurijs"]
[Black "Ortiz Suarez, Isan Reynaldo"]
[Result "0-1"]
[WhiteElo "2408"]
[BlackElo "2504"]
[PlyCount "86"]
[EventDate "2009.07.27"]
[EventType "swiss"]
[EventRounds "9"]
[EventCountry "ESP"]
[Source "lmi"]
[SourceDate "2009.07.27"]

1. d4 Nf6 2. c4 e6 3. Nf3 b6 4. a3 Ba6 5. Qc2 c5 6. e4 cxd4 7. e5 Ng8 8. Nxd4
Bb7 9. Nc3 Bc5 10. Be3 Bxd4 11. Bxd4 Nc6 12. O-O-O Nge7 13. Ne4 O-O 14. Bc3 Ng6
15. Nd6 Rb8 16. Qe4 Ba8 17. Qe3 Qh4 18. Bd3 Nce7 19. g3 Qh3 20. f3 b5 21. Nxb5
Rxb5 22. cxb5 Nd5 23. Qe2 Rc8 24. Be4 Nxc3 25. bxc3 Bxe4 26. Qxe4 Qg2 27. Qe3
Qa2 28. Rhe1 Qxa3+ 29. Kc2 Qa2+ 30. Kd3 Qc4+ 31. Kd2 Rc5 32. Re2 Rxe5 33. Qf2
Rd5+ 34. Ke1 Qxc3+ 35. Red2 Rxb5 36. Kf1 Nf8 37. Rc2 Qb3 38. Ra1 Rf5 39. f4 g5
40. Rxa7 gxf4 41. gxf4 Ng6 42. Rc8+ Kg7 43. Raa8 Qd1+ 0-1

[Event "3. Torneo Internacional A.D. San Juan"]
[Site "Pamplona ESP"]
[Date "2009.08.01"]
[Round "8.9"]
[White "Recuero Guerra, David"]
[Black "Pozo Vera, Sandro"]
[Result "1/2-1/2"]
[WhiteElo "2460"]
[BlackElo "2451"]
[PlyCount "39"]
[EventDate "2009.07.27"]
[EventType "swiss"]
[EventRounds "9"]
[EventCountry "ESP"]
[Source "lmi"]
[SourceDate "2009.07.27"]

1. e4 e6 2. d4 d5 3. Nc3 Bb4 4. Nge2 Nc6 5. a3 Ba5 6. Be3 Nge7 7. Qd3 O-O 8.
O-O-O Rb8 9. e5 b5 10. Bg5 h6 11. Bh4 b4 12. axb4 Nxb4 13. Qf3 Qd7 14. Ng3 Ng6
15. Bf6 gxf6 16. Nh5 Qe7 17. Qe3 Kh7 18. Nxf6+ Kg7 19. Nh5+ Kh7 20. Nf6+
1/2-1/2

[Event "3. Torneo Internacional A.D. San Juan"]
[Site "Pamplona ESP"]
[Date "2009.08.01"]
[Round "8.10"]
[White "Cabrera Trujillo, Jorge"]
[Black "Ninov, Nikolai"]
[Result "0-1"]
[WhiteElo "2410"]
[BlackElo "2562"]
[PlyCount "52"]
[EventDate "2009.07.27"]
[EventType "swiss"]
[EventRounds "9"]
[EventCountry "ESP"]
[Source "lmi"]
[SourceDate "2009.07.27"]

1. e4 c5 2. Nf3 d6 3. d4 Nf6 4. Nc3 cxd4 5. Nxd4 a6 6. Bg5 Nbd7 7. f4 Qb6 8.
Nb3 e6 9. Qf3 Qc7 10. O-O-O b5 11. Bd3 Bb7 12. a3 Be7 13. Rhe1 Nc5 14. Qg3
Nxb3+ 15. cxb3 d5 16. Bxf6 gxf6 17. exd5 Bxd5 18. Kb1 Bxb3 19. Nxb5 Qb6 20. Be4
Bxd1 21. Bxa8 Bh5 22. Qg7 Rf8 23. Rc1 Bg6+ 24. Ka2 axb5 25. Rc8+ Kd7 26. Rxf8
Qc5 0-1

[Event "3. Torneo Internacional A.D. San Juan"]
[Site "Pamplona ESP"]
[Date "2009.08.01"]
[Round "8.11"]
[White "Maze, Sebastien"]
[Black "Alvarez Pedraza, Aramis"]
[Result "0-1"]
[WhiteElo "2546"]
[BlackElo "2460"]
[PlyCount "84"]
[EventDate "2009.07.27"]
[EventType "swiss"]
[EventRounds "9"]
[EventCountry "ESP"]
[Source "lmi"]
[SourceDate "2009.07.27"]

1. Nf3 Nf6 2. c4 e6 3. g3 a6 4. Bg2 b5 5. b3 c5 6. O-O Bb7 7. d3 Be7 8. Bb2 O-O
9. Nbd2 d6 10. Re1 Nc6 11. e4 Nd7 12. d4 cxd4 13. Nxd4 Nce5 14. cxb5 Nd3 15.
Nc6 Bxc6 16. bxc6 Nxe1 17. Qxe1 Ne5 18. Bxe5 dxe5 19. Nc4 Qc7 20. Rc1 Qxc6 21.
Nxe5 Qb5 22. Nc6 Ba3 23. Rc4 e5 24. Qc3 Bd6 25. Qd3 Bb8 26. a4 Qb7 27. b4 Ba7
28. Bh3 Kh8 29. Qd5 f6 30. Be6 g6 31. Kg2 Qg7 32. Rc2 Bd4 33. Nxd4 Rad8 34. Nc6
Rxd5 35. exd5 f5 36. b5 axb5 37. axb5 f4 38. gxf4 exf4 39. f3 Qa1 40. Rd2 Qc1
41. Re2 Ra8 42. b6 Ra1 0-1

[Event "3. Torneo Internacional A.D. San Juan"]
[Site "Pamplona ESP"]
[Date "2009.08.01"]
[Round "8.12"]
[White "Larino Nieto, David"]
[Black "Suba, Mihai"]
[Result "1-0"]
[WhiteElo "2455"]
[BlackElo "2540"]
[PlyCount "57"]
[EventDate "2009.07.27"]
[EventType "swiss"]
[EventRounds "9"]
[EventCountry "ESP"]
[Source "lmi"]
[SourceDate "2009.07.27"]

1. e4 c5 2. d3 Nc6 3. Nc3 e6 4. g3 Nf6 5. Bg2 Be7 6. g4 d6 7. g5 Nd7 8. h4 Rb8
9. f4 b5 10. Nf3 b4 11. Ne2 d5 12. b3 dxe4 13. dxe4 O-O 14. h5 Nb6 15. Be3
Qxd1+ 16. Rxd1 Ba6 17. Kf2 Rfd8 18. Rdg1 Rbc8 19. g6 Nd4 20. gxf7+ Kxf7 21.
Ne5+ Kf8 22. Bf1 Nxc2 23. h6 g6 24. Bh3 Nxe3 25. Bxe6 Rd2 26. Rxg6 Rxe2+ 27.
Kf3 hxg6 28. Nxg6+ Ke8 29. h7 1-0

[Event "3. Torneo Internacional A.D. San Juan"]
[Site "Pamplona ESP"]
[Date "2009.08.01"]
[Round "8.13"]
[White "Chueca Forcen, Alberto"]
[Black "Paunovic, Dragan"]
[Result "0-1"]
[WhiteElo "2288"]
[BlackElo "2533"]
[PlyCount "116"]
[EventDate "2009.07.27"]
[EventType "swiss"]
[EventRounds "9"]
[EventCountry "ESP"]
[Source "lmi"]
[SourceDate "2009.07.27"]

1. d4 d6 2. Bg5 h6 3. Bh4 g5 4. Bg3 Bg7 5. c3 Nf6 6. f3 Nbd7 7. e4 c5 8. Bc4
cxd4 9. cxd4 d5 10. Bd3 Nh5 11. e5 Nxg3 12. hxg3 Nb8 13. Ne2 Nc6 14. Nbc3 a6
15. Rc1 e6 16. Na4 Bd7 17. Nc5 Qb6 18. Rc3 Bf8 19. Qb3 Qxb3 20. axb3 Bxc5 21.
Rxc5 Ke7 22. g4 Raf8 23. Kd2 f6 24. exf6+ Rxf6 25. Rcc1 Rc8 26. Bb1 Kf8 27. Rh2
Kg7 28. Ke3 Rcf8 29. Bd3 Be8 30. Rf1 e5 31. dxe5 Nxe5 32. Bf5 Bb5 33. Kd2 Bxe2
34. Kxe2 Rb6 35. Kd1 Rxb3 36. Re1 Re8 37. Kc2 Rxb2+ 38. Kc3 Rb6 39. Rhh1 Re7
40. Kd4 Nc6+ 41. Kxd5 Rb2 42. g3 Rf2 43. Be4 Rd2+ 44. Kc5 Ne5 45. Rb1 Nd7+ 46.
Kb4 Nf6 47. Bf5 Rd6 48. Rhd1 Rc6 49. Rd8 Re3 50. Rf1 b6 51. Bc8 Rc5 52. Rfd1
Rb5+ 53. Kc4 Ra5 54. Kb4 Rea3 55. Bd7 Rxf3 56. Re1 Nd5+ 57. Kc4 Re3 58. Rc1
Rc5+ 0-1

[Event "3. Torneo Internacional A.D. San Juan"]
[Site "Pamplona ESP"]
[Date "2009.08.01"]
[Round "8.15"]
[White "Libiszewski, Fabien"]
[Black "Meneses Gonzalez, Kevin Moises"]
[Result "1-0"]
[WhiteElo "2535"]
[BlackElo "2074"]
[PlyCount "51"]
[EventDate "2009.07.27"]
[EventType "swiss"]
[EventRounds "9"]
[EventCountry "ESP"]
[Source "lmi"]
[SourceDate "2009.07.27"]

1. e4 c5 2. Nf3 d6 3. Bc4 Nf6 4. d3 Nc6 5. c3 a6 6. Bb3 Bg4 7. h3 Bh5 8. g4 Bg6
9. Nh4 e6 10. f4 Nd7 11. g5 Be7 12. O-O Rf8 13. Na3 Na5 14. f5 Bxg5 15. Ng2
Bxc1 16. Rxc1 Qb6 17. d4 Nxb3 18. axb3 O-O-O 19. fxg6 hxg6 20. Nc4 Qc7 21. Qf3
Nf6 22. e5 dxe5 23. dxe5 Nh5 24. Rcd1 f6 25. Qg4 Rxd1 26. Rxd1 1-0

[Event "3. Torneo Internacional A.D. San Juan"]
[Site "Pamplona ESP"]
[Date "2009.08.02"]
[Round "9.3"]
[White "Ibrahimov, Rasul"]
[Black "Ortiz Suarez, Isan Reynaldo"]
[Result "1/2-1/2"]
[WhiteElo "2543"]
[BlackElo "2504"]
[PlyCount "66"]
[EventDate "2009.07.27"]
[EventType "swiss"]
[EventRounds "9"]
[EventCountry "ESP"]
[Source "lmi"]
[SourceDate "2009.07.27"]

1. d4 d5 2. Nf3 Nf6 3. c4 c6 4. Nc3 e6 5. Bg5 Nbd7 6. e3 h6 7. Bh4 Be7 8. Qc2
O-O 9. Rd1 b6 10. Bd3 Ba6 11. b3 Rc8 12. O-O Bb7 13. Qb2 dxc4 14. Bxc4 Nd5 15.
Bg3 N7f6 16. Bd3 Nxc3 17. Qxc3 c5 18. Qb2 cxd4 19. Nxd4 Qd5 20. f3 Qg5 21. e4
Rfd8 22. Bf2 Qe5 23. Bc4 a6 24. Bg3 Qa5 25. a4 Rd7 26. Be1 Qh5 27. Bf2 Rcd8 28.
Qe2 Bc5 29. Nc2 Bxf2+ 30. Kxf2 Rxd1 31. Rxd1 Rxd1 32. Qxd1 Nxe4+ 33. Kf1 Qxh2
1/2-1/2

[Event "3. Torneo Internacional A.D. San Juan"]
[Site "Pamplona ESP"]
[Date "2009.08.02"]
[Round "9.4"]
[White "Pap, Misa"]
[Black "Rusev, Krasimir"]
[Result "1-0"]
[WhiteElo "2478"]
[BlackElo "2543"]
[PlyCount "91"]
[EventDate "2009.07.27"]
[EventType "swiss"]
[EventRounds "9"]
[EventCountry "ESP"]
[Source "lmi"]
[SourceDate "2009.07.27"]

1. e4 c5 2. c3 d5 3. exd5 Qxd5 4. d4 Nc6 5. Nf3 Bg4 6. Be2 cxd4 7. cxd4 e6 8.
h3 Bh5 9. Nc3 Qa5 10. d5 exd5 11. Nd4 Bxe2 12. Qxe2+ Be7 13. Nxc6 bxc6 14. O-O
Kf8 15. a3 Bf6 16. b4 Qd8 17. Bb2 Ne7 18. Rfd1 h5 19. Rac1 Rh6 20. Qf3 Rb8 21.
Ba1 a6 22. Ne4 Bxa1 23. Rxa1 Qc8 24. Nc5 Ra8 25. Rd4 Nf5 26. Rf4 Nd6 27. Re1
Ra7 28. Re5 Kg8 29. Rxh5 Rxh5 30. Qxh5 g6 31. Qe5 Ne8 32. g4 Ng7 33. Rf6 a5 34.
Rxc6 Qxc6 35. Qb8+ Qe8 36. Qxa7 axb4 37. axb4 d4 38. Qa1 Qd8 39. Qb1 Qd5 40.
Ne4 Ne8 41. b5 f5 42. b6 Qb7 43. Nc5 Qb8 44. Qb3+ Kg7 45. gxf5 gxf5 46. Qg3+
1-0

[Event "3. Torneo Internacional A.D. San Juan"]
[Site "Pamplona ESP"]
[Date "2009.08.02"]
[Round "9.7"]
[White "Alvarez Pedraza, Aramis"]
[Black "Pozo Vera, Sandro"]
[Result "1-0"]
[WhiteElo "2460"]
[BlackElo "2451"]
[PlyCount "55"]
[EventDate "2009.07.27"]
[EventType "swiss"]
[EventRounds "9"]
[EventCountry "ESP"]
[Source "lmi"]
[SourceDate "2009.07.27"]

1. Nf3 Nf6 2. b3 e6 3. Bb2 c5 4. c4 Nc6 5. e3 d5 6. cxd5 exd5 7. Be2 Bd6 8. O-O
O-O 9. d3 Bg4 10. Nbd2 Re8 11. Rc1 Rc8 12. Re1 d4 13. Nxd4 cxd4 14. Bxg4 Nxg4
15. Qxg4 Bb4 16. Red1 g6 17. Nf1 h5 18. Qe2 Qg5 19. e4 Bc3 20. Ba3 f5 21. Nd2
Ne5 22. Bd6 Nf7 23. Nf3 Qf6 24. Ba3 f4 25. Bb2 Ne5 26. Bxc3 dxc3 27. d4 Nc6 28.
e5 1-0

[Event "3. Torneo Internacional A.D. San Juan"]
[Site "Pamplona ESP"]
[Date "2009.08.02"]
[Round "9.8"]
[White "Pogorelov, Ruslan"]
[Black "Del Rio De Angelis, Salvador G"]
[Result "0-1"]
[WhiteElo "2441"]
[BlackElo "2560"]
[PlyCount "72"]
[EventDate "2009.07.27"]
[EventType "swiss"]
[EventRounds "9"]
[EventCountry "ESP"]
[Source "lmi"]
[SourceDate "2009.07.27"]

1. Nf3 g6 2. c4 Bg7 3. d4 d6 4. e4 e5 5. Be2 Nc6 6. d5 Nce7 7. Nc3 f5 8. exf5
Nxf5 9. h4 Qe7 10. Ne4 Nf6 11. Bg5 h6 12. Bxf6 Bxf6 13. h5 gxh5 14. Rxh5 Bd7
15. Rc1 Bg7 16. Nfd2 O-O 17. Rc3 Be8 18. Rh1 c6 19. Bh5 Bd7 20. Qb3 cxd5 21.
cxd5 Nd4 22. Qb4 Nb5 23. Rg3 a5 24. Qb3 Rac8 25. Bd1 Rc1 26. Rxh6 Nd4 27. Qd3
Bb5 28. Nf6+ Rxf6 29. Qh7+ Kf8 30. Rxf6+ Qxf6 31. Ne4 Nc2+ 32. Kd2 Qf4+ 33. Re3
Nxe3 34. fxe3 Rxd1+ 35. Kxd1 Qf1+ 36. Kc2 Qd3+ 0-1

[Event "3. Torneo Internacional A.D. San Juan"]
[Site "Pamplona ESP"]
[Date "2009.08.02"]
[Round "9.9"]
[White "Sanz Alonso, Francisco J"]
[Black "Libiszewski, Fabien"]
[Result "0-1"]
[WhiteElo "2404"]
[BlackElo "2535"]
[PlyCount "64"]
[EventDate "2009.07.27"]
[EventType "swiss"]
[EventRounds "9"]
[EventCountry "ESP"]
[Source "lmi"]
[SourceDate "2009.07.27"]

1. e4 c5 2. Nf3 Nc6 3. d4 cxd4 4. Nxd4 e5 5. Nb5 d6 6. N1c3 a6 7. Na3 b5 8. Nd5
Nge7 9. c4 Nxd5 10. cxd5 Nd4 11. Be3 f5 12. Bxd4 exd4 13. Nc2 fxe4 14. Qxd4 Be7
15. Qxe4 O-O 16. Bd3 Bf5 17. Qe2 Bxd3 18. Qxd3 Bf6 19. O-O Bxb2 20. Rab1 Qf6
21. Nb4 Bd4 22. Qg3 Rae8 23. Nxa6 Re2 24. Kh1 Rxa2 25. Nc7 Rxf2 26. Rxf2 Bxf2
27. Qd3 b4 28. Ne6 Qf5 29. Qf1 Rc8 30. Rxb4 Qxd5 31. Nf4 Qd2 32. Rc4 Re8 0-1

[Event "3. Torneo Internacional A.D. San Juan"]
[Site "Pamplona ESP"]
[Date "2009.08.02"]
[Round "9.10"]
[White "Berbatov, Kiprian"]
[Black "Strikovic, Aleksa"]
[Result "1-0"]
[WhiteElo "2398"]
[BlackElo "2523"]
[PlyCount "43"]
[EventDate "2009.07.27"]
[EventType "swiss"]
[EventRounds "9"]
[EventCountry "ESP"]
[Source "lmi"]
[SourceDate "2009.07.27"]

1. e4 d6 2. d4 Nf6 3. Nc3 e5 4. Nf3 Nbd7 5. g4 Nxg4 6. Rg1 Ngf6 7. Bc4 h6 8.
Be3 c6 9. dxe5 dxe5 10. Qd3 Nh5 11. O-O-O Qf6 12. Nb5 cxb5 13. Bxb5 Qe7 14.
Nxe5 Nhf6 15. f4 a6 16. Bc5 Qxc5 17. Nxd7 Nxd7 18. Bxd7+ Ke7 19. e5 Qc7 20.
Qa3+ Kd8 21. Ba4+ Bd7 22. Qf3 1-0

[Event "3. Torneo Internacional A.D. San Juan"]
[Site "Pamplona ESP"]
[Date "2009.08.02"]
[Round "9.11"]
[White "Ibarra Jerez, Jose Carlos"]
[Black "Delorme, Axel"]
[Result "1/2-1/2"]
[WhiteElo "2517"]
[BlackElo "2434"]
[PlyCount "71"]
[EventDate "2009.07.27"]
[EventType "swiss"]
[EventRounds "9"]
[EventCountry "ESP"]
[Source "lmi"]
[SourceDate "2009.07.27"]

1. e4 e5 2. Nf3 Nc6 3. Bb5 Nf6 4. O-O Nxe4 5. d4 Nd6 6. Bxc6 dxc6 7. dxe5 Nf5
8. Qxd8+ Kxd8 9. Nc3 Ke8 10. h3 h5 11. Bg5 Be6 12. Rfd1 Be7 13. Rd2 Rd8 14.
Rad1 Rxd2 15. Rxd2 Bxg5 16. Nxg5 Ke7 17. b3 h4 18. Nce4 Bc8 19. f4 b6 20. Kf2
a5 21. c4 f6 22. Nf3 Be6 23. Nc3 Rf8 24. Ne2 Rh8 25. Ned4 Nxd4 26. Nxd4 c5 27.
Nc6+ Kf7 28. Nd8+ Ke7 29. Nc6+ Kf7 30. Nd8+ Ke7 31. Nxe6 Kxe6 32. exf6 gxf6 33.
Rd5 c6 34. Rd3 b5 35. Rc3 b4 36. Rd3 1/2-1/2

[Event "3. Torneo Internacional A.D. San Juan"]
[Site "Pamplona ESP"]
[Date "2009.08.02"]
[Round "9.12"]
[White "Ivanov, Jordan"]
[Black "Reinaldo Castineira, Roi"]
[Result "1-0"]
[WhiteElo "2431"]
[BlackElo "2503"]
[PlyCount "103"]
[EventDate "2009.07.27"]
[EventType "swiss"]
[EventRounds "9"]
[EventCountry "ESP"]
[Source "lmi"]
[SourceDate "2009.07.27"]

1. d4 e6 2. c4 c5 3. d5 exd5 4. cxd5 d6 5. Nc3 g6 6. e4 Bg7 7. Bd3 Ne7 8. h4
O-O 9. h5 f5 10. hxg6 hxg6 11. Nf3 fxe4 12. Bxe4 Nf5 13. Ng5 Qe7 14. g4 Nd4 15.
Be3 Rf6 16. Nh7 Nd7 17. Qd2 b5 18. Nxf6+ Nxf6 19. Bg2 Bxg4 20. Kf1 Nf3 21. Bxf3
Bxf3 22. Rh3 Bg4 23. Rh2 b4 24. Ne2 Ne4 25. Qc1 Qe5 26. Bf4 Qxd5 27. Qe3 Re8
28. Re1 Nf6 29. Qb3 c4 30. Qxb4 Qf3 31. Qxc4+ d5 32. Qb5 Re4 33. Bg3 Bd7 34.
Qb3 Qf5 35. Nc3 Rxe1+ 36. Kxe1 Ng4 37. Rh4 Bxc3+ 38. Qxc3 Qe4+ 39. Kd2 d4 40.
Qd3 Qe6 41. Qxd4 Nf6 42. Be5 Nh5 43. b3 Qf5 44. f4 a5 45. Qd5+ Kh7 46. Qd3 Kg8
47. Qxf5 Bxf5 48. Rh1 Ng3 49. Rc1 Kf7 50. Ke3 Ke6 51. Rc5 Bb1 52. Rxa5 1-0